[Event "Minsk Inautomarket op"]
[Site "Minsk"]
[Date "2005.07.17"]
[Round "8"]
[White "Kupreichik, Viktor D"]
[Black "Gavrilov, Oleg"]
[Result "1/2-1/2"]
[WhiteElo "2468"]
[BlackElo "2338"]
[PlyCount "104"]
[EventDate "2005.07.06"]
[EventType "swiss"]
[EventRounds "9"]
[EventCountry "BLR"]
[SourceTitle "CBM 107 Extra"]
[Source "ChessBase"]
[SourceDate "2005.09.01"]
[SourceVersion "1"]
[SourceVersionDate "2005.09.01"]
[SourceQuality "1"]

1. e4 e6 2. d4 d5 3. Nc3 h6 4. Be3 Nf6 5. e5 Nfd7 6. f4 Be7 7. Bd3 g6 8. Nf3 b6 9. g4 Nf8 10. h4 h5 11. Ng5 hxg4 12. Qxg4 Ba6 13. Bxa6 Nxa6 14. 0-0-0 Bxg5 15. fxg5 Qe7 16. Qe2 Nb8 17. Rdf1 Nc6 18. Rh3 Qd7 19. h5 Ne7 20. Qf3 Nf5 21. hxg6 Rxh3 22. gxf7+ Qxf7 23. Qxh3 0-0-0 24. Bd2 Ng6 25. Qd3 Kb7 26. a4 Qd7 27. b3 Rh8 28. Ne2 Rh4 29. a5 a6 30. axb6 cxb6 31. Kb2 Qc6 32. Be1 Rh7 33. Nf4 Nxf4 34. Rxf4 Rg7 35. Rg4 Qe8 36. Bd2 Qh5 37. Rg1 Qh4 38. c3 Qf2 39. Rh1 Rxg5 40. Rh7+ Rg7 41. Rxg7+ Nxg7 42. c4 Qg2 43. Ka3 Nf5 44. Bc3 Qh1 45. Qe2 Qc1+ 46. Bb2 Qe3 47. Qf1 Nxd4 48. Qf7+ Kb8 49. Qe8+ Kc7 50. Qe7+ Kb8 51. Qd6+ Kb7 52. Qd7+ Kb8 1/2-1/2

[Event "St Petersburg White Nights op"]
[Site "St Petersburg"]
[Date "2005.06.21"]
[Round "4"]
[White "Gavrilov, Oleg"]
[Black "Vitiugov, Nikita"]
[Result "0-1"]
[WhiteElo "2314"]
[BlackElo "2482"]
[PlyCount "60"]
[EventDate "2005.06.18"]
[EventType "swiss"]
[EventRounds "9"]
[EventCountry "RUS"]
[SourceTitle "CBM 106 Extra"]
[Source "ChessBase"]
[SourceDate "2005.07.01"]
[SourceVersion "1"]
[SourceVersionDate "2005.07.01"]
[SourceQuality "1"]

1. c4 Nf6 2. Nc3 g6 3. g3 Bg7 4. Bg2 0-0 5. e3 d6 6. Nge2 e5 7. 0-0 Nbd7 8. Rb1 h5 9. h3 Re8 10. d3 Nf8 11. e4 h4 12. f4 hxg3 13. Nxg3 exf4 14. Bxf4 N6h7 15. Nh1 Ne6 16. Bg3 Be5 17. Ne2 Bxg3 18. Nexg3 Qh4 19. Kh2 Nhg5 20. Qg4 Qxg4 21. hxg4 Nd4 22. Rf4 Kg7 23. Re1 Bxg4 24. Rc1 Bd7 25. Rf2 Rh8+ 26. Kg1 Rh4 27. Ne2 Nxe2+ 28. Rxe2 Rah8 29. Re3 Ne6 30. Ng3 Nf4 0-1

[Event "St Petersburg White Nights op"]
[Site "St Petersburg"]
[Date "2005.06.20"]
[Round "3"]
[White "Anisimov, Pavel"]
[Black "Gavrilov, Oleg"]
[Result "1/2-1/2"]
[WhiteElo "2476"]
[BlackElo "2314"]
[PlyCount "55"]
[EventDate "2005.06.18"]
[EventType "swiss"]
[EventRounds "9"]
[EventCountry "RUS"]
[SourceTitle "CBM 106 Extra"]
[Source "ChessBase"]
[SourceDate "2005.07.01"]
[SourceVersion "1"]
[SourceVersionDate "2005.07.01"]
[SourceQuality "1"]

1. e4 e6 2. d4 d5 3. Nd2 c5 4. Ngf3 cxd4 5. Nxd4 Nc6 6. Bb5 Bd7 7. Nxc6 Bxc6 8. Bxc6+ bxc6 9. c4 dxe4 10. Nxe4 Qxd1+ 11. Kxd1 Nf6 12. Nxf6+ gxf6 13. Be3 c5 14. Kc2 Rg8 15. g3 Kd7 16. Rhd1+ Kc6 17. Rd3 Be7 18. Rad1 Rgd8 19. g4 Rxd3 20. Rxd3 Bd6 21. h3 Bc7 22. Bd2 Be5 23. Bc3 h5 24. Bxe5 fxe5 25. g5 h4 26. Rf3 Rg8 27. Rxf7 Rxg5 28. Rxa7 1/2-1/2

[Event "St Petersburg Chigorin CC-ch"]
[Site "St Petersburg"]
[Date "2005.05.24"]
[Round "8"]
[White "Kopasov, Evgeny Aleksandrovi"]
[Black "Gavrilov, Oleg"]
[Result "0-1"]
[WhiteElo "2120"]
[BlackElo "2314"]
[PlyCount "96"]
[EventDate "2005.05.16"]
[EventType "swiss"]
[EventRounds "9"]
[EventCountry "RUS"]
[SourceTitle "EXT 2006"]
[Source "ChessBase"]
[SourceDate "2005.11.24"]
[SourceVersion "1"]
[SourceVersionDate "2005.11.24"]
[SourceQuality "1"]

1. d4 d5 2. c4 c6 3. Nf3 Nf6 4. cxd5 Nxd5 5. e4 Nc7 6. Nc3 g6 7. Be3 Bg7 8. Bc4 0-0 9. Qd2 Nd7 10. Bh6 Nf6 11. Bxg7 Kxg7 12. Ne5 b5 13. Bb3 b4 14. Ne2 Nxe4 15. Qf4 Nf6 16. Nxc6 Ncd5 17. Qe5 Qd6 18. Qxd6 exd6 19. a3 Re8 20. Kd1 Ba6 21. Re1 Bb5 22. Nxb4 Nxb4 23. axb4 Ng4 24. Nc3 Nxf2+ 25. Kd2 Bc6 26. Rf1 Ne4+ 27. Nxe4 Rxe4 28. Rxf7+ Kh6 29. Kd3 Rae8 30. Raxa7 Bb5+ 31. Kc2 Re1 32. Rxh7+ Kg5 33. Ra5 R8e2+ 34. Kc3 Rc1+ 35. Bc2 Rcxc2+ 36. Kb3 Rxb2+ 37. Ka3 Ra2+ 38. Kb3 Rxa5 39. bxa5 d5 40. g3 Bc4+ 41. Kb4 Rb2+ 42. Kc5 Rb5+ 43. Kd6 Rxa5 44. Ke5 Ra2 45. h4+ Kg4 46. Rg7 Re2+ 47. Kf6 Bd3 48. Rd7 Be4 0-1

[Event "St Petersburg Chigorin CC-ch"]
[Site "St Petersburg"]
[Date "2005.05.23"]
[Round "7"]
[White "Gavrilov, Oleg"]
[Black "Vunder, Yakov"]
[Result "1/2-1/2"]
[WhiteElo "2314"]
[BlackElo "2237"]
[PlyCount "26"]
[EventDate "2005.05.16"]
[EventType "swiss"]
[EventRounds "9"]
[EventCountry "RUS"]
[SourceTitle "EXT 2006"]
[Source "ChessBase"]
[SourceDate "2005.11.24"]
[SourceVersion "1"]
[SourceVersionDate "2005.11.24"]
[SourceQuality "1"]

1. c4 e6 2. d4 d5 3. Nc3 Be7 4. Nf3 Nf6 5. Bg5 0-0 6. e3 Nbd7 7. cxd5 exd5 8. Bd3 c6 9. 0-0 Nh5 10. Bxe7 Qxe7 11. Rb1 Nhf6 12. Nd2 c5 13. dxc5 Nxc5 1/2-1/2

[Event "St Petersburg Chigorin CC-ch"]
[Site "St Petersburg"]
[Date "2005.05.19"]
[Round "4"]
[White "Serov, Maksim"]
[Black "Gavrilov, Oleg"]
[Result "1/2-1/2"]
[WhiteElo "2178"]
[BlackElo "2314"]
[PlyCount "49"]
[EventDate "2005.05.16"]
[EventType "swiss"]
[EventRounds "9"]
[EventCountry "RUS"]
[SourceTitle "EXT 2006"]
[Source "ChessBase"]
[SourceDate "2005.11.24"]
[SourceVersion "1"]
[SourceVersionDate "2005.11.24"]
[SourceQuality "1"]

1. d4 d5 2. c4 c6 3. Nf3 Nf6 4. Nc3 dxc4 5. a4 Bg4 6. Ne5 Bh5 7. g3 e6 8. Bg2 Bb4 9. Nxc4 a5 10. 0-0 0-0 11. Na2 Be7 12. Qd2 Ra7 13. Re1 b6 14. b4 axb4 15. Nxb4 c5 16. dxc5 bxc5 17. Nc6 Nxc6 18. Bxc6 Qd4 19. Qa2 Ng4 20. Rf1 Ne5 21. Nxe5 Qxe5 22. Be3 Rc8 23. Bg2 Bf6 24. Rab1 Bg6 25. Rb5 1/2-1/2